[Event "Sant Boi op 36th"]
[Site "Sant Boi de Llobregat"]
[Date "2014.05.30"]
[Round "7"]
[White "Ferrer Got, Juan"]
[Black "Langa Ramiro, Ricardo"]
[Result "0-1"]
[WhiteElo "2029"]
[BlackElo "2150"]
[PlyCount "63"]
[EventDate "2014.04.04"]
[EventType "swiss"]
[EventRounds "9"]
[EventCountry "ESP"]
[SourceTitle "CBM 160 Extra"]
[Source "ChessBase"]
[SourceDate "2014.07.01"]
[SourceVersion "1"]
[SourceVersionDate "2014.07.01"]
[SourceQuality "1"]

1. e4 Nf6 2. Nc3 d5 3. exd5 Nxd5 4. Nxd5 Qxd5 5. Nf3 Bg4 6. Be2 Nc6 7. 0-0 0-0-0 8. d3 e5 9. Ne1 Be6 10. f4 Bc5+ 11. Kh1 e4 12. Bd2 f5 13. a3 h5 14. Bc3 h4 15. h3 Nd4 16. dxe4 fxe4 17. Bxd4 Qxd4 18. Qxd4 Rxd4 19. f5 Rd2 20. Bg4 Bd7 21. Rd1 Rxd1 22. Bxd1 Rf8 23. Bg4 Rf6 24. c3 g6 25. b4 Bd6 26. Nc2 gxf5 27. Ne3 f4 28. Nd5 Rf8 29. Bxd7+ Kxd7 30. c4 Ke6 31. Rd1 Be5 32. Re1 0-1

[Event "Sabadell Colon op 4th"]
[Site "Sabadell"]
[Date "2010.02.19"]
[Round "4.7"]
[White "Rahal, Joe"]
[Black "Ferrer Got, Juan"]
[Result "1/2-1/2"]
[WhiteElo "1762"]
[BlackElo "1849"]
[PlyCount "76"]
[EventDate "2010.01.29"]
[EventType "swiss"]
[EventRounds "9"]
[EventCountry "ESP"]
[SourceTitle "EXT 2024"]
[Source "ChessBase"]
[SourceDate "2023.10.10"]
[SourceVersion "1"]
[SourceVersionDate "2023.10.10"]
[SourceQuality "1"]

1. Nf3 d5 2. c4 c6 3. b3 Bf5 4. Bb2 e6 5. g3 Nf6 6. Bg2 Bd6 7. 0-0 Nbd7 8. d3 Qc7 9. Nc3 h5 10. Nh4 g5 11. Nxf5 exf5 12. cxd5 h4 13. dxc6 bxc6 14. Nb5 cxb5 15. Bxa8 hxg3 16. fxg3 Bxg3 17. Rf3 Bxh2+ 18. Kf1 Be5 19. Re3 Ng4 20. Qd2 Nxe3+ 21. Qxe3 f4 22. Bxe5 Qxe5 23. Qxe5+ Nxe5 24. Rc1 Kd7 25. Be4 f3 26. Rc5 Rh1+ 27. Kf2 Rh2+ 28. Kf1 fxe2+ 29. Ke1 Kd6 30. d4 f5 31. Rd5+ Kc6 32. Rxe5+ fxe4 33. Rxe4 a5 34. a4 bxa4 35. bxa4 Kb6 36. Re5 g4 37. Rb5+ Ka6 38. Rg5 Rg2 1/2-1/2

[Event "Sabadell Colon op 4th"]
[Site "Sabadell"]
[Date "2010.01.29"]
[Round "1.11"]
[White "Ferrer Got, Juan"]
[Black "Alonso Garcia, Jose Luis"]
[Result "1-0"]
[WhiteElo "1849"]
[BlackElo "1937"]
[PlyCount "53"]
[EventDate "2010.01.29"]
[EventType "swiss"]
[EventRounds "9"]
[EventCountry "ESP"]
[SourceTitle "EXT 2024"]
[Source "ChessBase"]
[SourceDate "2023.10.10"]
[SourceVersion "1"]
[SourceVersionDate "2023.10.10"]
[SourceQuality "1"]

1. e4 c5 2. Nf3 Nc6 3. d4 cxd4 4. Nxd4 d6 5. Nc3 e6 6. Bb5 Bd7 7. 0-0 h6 8. f4 Qb6 9. Bxc6 bxc6 10. Kh1 Nf6 11. e5 Nd5 12. f5 dxe5 13. fxe6 fxe6 14. Qh5+ Kd8 15. Qxe5 c5 16. Nxd5 exd5 17. Qxd5 Rc8 18. Nb3 Qe6 19. Qb7 Bc6 20. Qxa7 Qd5 21. Rg1 Rc7 22. Qb8+ Rc8 23. Qb6+ Rc7 24. Bf4 Bd6 25. Bxd6 Qxd6 26. Rad1 Bxg2+ 27. Kxg2 1-0